| 000 | 00927cam a22002055a 4500 | ||
|---|---|---|---|
| 001 | L140860 | ||
| 008 | 071016s1936 xxk eng u | ||
| 035 | _a(Sirsi) u140860 | ||
| 041 | 0 | _aeng | |
| 110 | 2 |
_aTurner, Fletcher and Essex _95392 |
|
| 245 | 0 | 0 | _aParticulars of a freehold farm known as the Cork Hill Farm, Normanton...and a block of valuable freehold (part formerly copyhold) accommodation grass land...to be offered for sale by auction by Messrs. Turner, Fletcher and Essex in conjunction with Messrs. Walker, Walton and Hanson at the 'Saracen's Head' Hotel, Southwell on Thursday the 19th day of November 1936... |
| 260 |
_aS.l. _bs.n. _c[1936] |
||
| 300 |
_a[4] p. _c34 cm. |
||
| 340 | _aPrinted | ||
| 351 | _cSingle item | ||
| 651 | 4 | _aNottinghamshire | |
| 690 | _aPROPERTY-PROPERTY ACQUISITION AND DISPOSAL-ACQUISITION AND DISPOSAL AT AUCTION | ||
| 710 | 2 |
_aWalker, Walton and Hanson _95375 |
|
| 942 | _n0 | ||
| 999 |
_c116504 _d116504 |
||